00554cam a2200145 a 4500020001500000040000800015082001800023110004300041245003100084260006000115300003700175500002000212520015700232650001900389 a9711041138 cUIU a633 BAN 1983 2 aInternational Rice Research Institute.10aIRRI alumni book 1962-80 / aLos Banos, Laguna, Philippines :bThe Institute,c1983. axiii, 662 p. :bports. ;c23 cm. aIncludes index. aPresents brief biographical data, photographs, and current addresses of all trainees, scholars, and fellows of the Institute from 1962 to December 1980. 0aAgriculturists